| 000 | 01166cam a2200325 a 4500 | ||
|---|---|---|---|
| 001 | 4455392 | ||
| 003 | NUST - PNEC | ||
| 005 | 20170116180854.0 | ||
| 008 | 960417s1996 nyua b 001 0 eng | ||
| 010 | _a 95082033 | ||
| 020 | _a0070242542 | ||
| 020 | _a0071142576 | ||
| 040 |
_aDLC _cLIBRARY _dDLC |
||
| 050 | 0 | 0 |
_aQC355 _b.G65 1996 |
| 082 | 0 | 0 | _a621.36015 GOO |
| 100 | 1 | _aGoodman, Joseph W. | |
| 245 | 1 | 0 |
_aIntroduction to Fourier optics / _cJoseph W. Goodman. |
| 246 | 3 | _aFourier optics | |
| 250 | _a2nd ed. | ||
| 260 |
_aNew York : _bMcGraw-Hill, _c1996. |
||
| 300 |
_axviii, 441 p. _bill. ; _c25 cm. |
||
| 440 | 0 | _aMcGraw-Hill series in electrical and computer engineering | |
| 504 | _aIncludes bibliographical references (p. 421-432) and index. | ||
| 650 | 0 |
_aFourier transform optics. _xEL |
|
| 856 | 4 | 2 |
_3Publisher description _uhttp://www.loc.gov/catdir/description/mh022/95082033.html |
| 856 | 4 | 1 |
_3Table of contents _uhttp://www.loc.gov/catdir/toc/mh022/95082033.html |
| 906 |
_a7 _bcbc _corignew _d2 _eopcn _f19 _gy-gencatlg |
||
| 942 |
_2ddc _cBK |
||
| 999 |
_c64732 _d64732 |
||